|
|
|
|
| LEADER |
00000cam a2200000 7i4500 |
| 001 |
0000000821 |
| 005 |
20151222.0 |
| 008 |
070703 |
| 020 |
|
|
|a 9830602451
|
| 020 |
|
|
|a 9830602478(set)
|
| 090 |
0 |
0 |
|a JF
|b MAL (489)
|
| 100 |
0 |
|
|a Amy Suzani Ainuddin
|
| 245 |
1 |
0 |
|a Puteri Lindungan Bulan
|c Amy Suzani Ainuddin
|
| 260 |
|
|
|a Selangor :
|b Hasrat Murni ,
|c 2005
|
| 440 |
|
|
|a Siri dongengan puteri dunia
|
| 500 |
|
|
|a Children ages 7-9 years old (orange)
|
| 650 |
|
0 |
|a Junior fiction
|x Malay
|x Languages
|
| 710 |
0 |
|
|a Title
|
| 999 |
|
|
|a 0000905906
|b Book
|c Teenagers
|e Cawangan Bandar Tenggara
|
| 999 |
|
|
|a 0000920468
|b Book
|c Children Collection
|e Cawangan Bukit Gambir
|
| 999 |
|
|
|a 0000930401
|b Book
|c Children Collection
|e Cawangan Tangkak
|
| 999 |
|
|
|a 0000930402
|b Book
|c Children Collection
|e Cawangan Tangkak
|
| 999 |
|
|
|a 0000957250
|b Book
|c Children Collection
|e Perbadanan Perpustakaan Awam Johor
|
| 999 |
|
|
|a 0000957251
|b Book
|c Children Collection
|e Perbadanan Perpustakaan Awam Johor
|
| 999 |
|
|
|a 0000957252
|b Book
|c Children Collection
|e Perbadanan Perpustakaan Awam Johor
|
| 999 |
|
|
|a 0000957253
|b Book
|c Children Collection
|e Cawangan Mersing
|
| 999 |
|
|
|a 0000957254
|b Book
|c Children Collection
|e Perbadanan Perpustakaan Awam Johor
|
| 999 |
|
|
|a 0001054094
|b Book
|c Children Collection
|e Cawangan Mersing
|